Teardrop / (Record no. 4115)

000 -LEADER
fixed length control field 01574cam a2200433 i 4500
001 - CONTROL NUMBER
control field 17709821
003 - CONTROL NUMBER IDENTIFIER
control field Nust
005 - DATE AND TIME OF LATEST TRANSACTION
control field 20170105101620.0
008 - FIXED-LENGTH DATA ELEMENTS--GENERAL INFORMATION
fixed length control field 130424s2013 nyu d 000 1 eng
010 ## - LIBRARY OF CONGRESS CONTROL NUMBER
LC control number 2013014014
020 ## - INTERNATIONAL STANDARD BOOK NUMBER
International Standard Book Number 9780385742658 (hc)
020 ## - INTERNATIONAL STANDARD BOOK NUMBER
International Standard Book Number 9780385742658 (lib. bdg.)
020 ## - INTERNATIONAL STANDARD BOOK NUMBER
International Standard Book Number 9780385374910 (intl. tr. pbk.)
020 ## - INTERNATIONAL STANDARD BOOK NUMBER
International Standard Book Number 9780385383721
020 ## - INTERNATIONAL STANDARD BOOK NUMBER
Canceled/invalid ISBN 9780307976314 (ebook)
040 ## - CATALOGING SOURCE
Original cataloging agency DLC
Language of cataloging eng
Transcribing agency DLC
Description conventions rda
Modifying agency DLC
042 ## - AUTHENTICATION CODE
Authentication code pcc
-- lcac
050 00 - LIBRARY OF CONGRESS CALL NUMBER
Classification number PZ7.K15655
Item number Te 2013
082 00 - DEWEY DECIMAL CLASSIFICATION NUMBER
Classification number 823
Author Mark KAT
084 ## - OTHER CLASSIFICATION NUMBER
Classification number JUV026000
Number source bisacsh
100 1# - MAIN ENTRY--PERSONAL NAME
Personal name Kate, Lauren.
245 10 - TITLE STATEMENT
Title Teardrop /
Statement of responsibility, etc. Lauren Kate.
250 ## - EDITION STATEMENT
Edition statement First edition.
264 #1 - PRODUCTION, PUBLICATION, DISTRIBUTION, MANUFACTURE, AND COPYRIGHT NOTICE
Place of production, publication, distribution, manufacture New York :
Name of producer, publisher, distributor, manufacturer Delacorte Press,
Date of production, publication, distribution, manufacture, or copyright notice 2013
300 ## - PHYSICAL DESCRIPTION
Extent 441pages ;
Dimensions 22 cm
336 ## - CONTENT TYPE
Content type term text
Source rdacontent
337 ## - MEDIA TYPE
Media type term unmediated
Source rdamedia
338 ## - CARRIER TYPE
Carrier type term volume
Source rdacarrier
500 ## - GENERAL NOTE
General note "Book 1 in the Teardrop series"--Jacket.
520 ## - SUMMARY, ETC.
Summary, etc. Since Eureka's mother drowned, she wishes she were dead too, but after discovering that an ancient book is more than a story Eureka begins to believe that Ander is right about her being involved in strange things--and in grave danger.
650 #1 - SUBJECT ADDED ENTRY--TOPICAL TERM
Topical term or geographic name entry element Magic
Form subdivision Fiction.
650 #1 - SUBJECT ADDED ENTRY--TOPICAL TERM
Topical term or geographic name entry element Depression, Mental
Form subdivision Fiction.
650 #1 - SUBJECT ADDED ENTRY--TOPICAL TERM
Topical term or geographic name entry element Love
Form subdivision Fiction.
650 #7 - SUBJECT ADDED ENTRY--TOPICAL TERM
Topical term or geographic name entry element JUVENILE FICTION / Love & Romance.
Source of heading or term bisacsh
856 42 - ELECTRONIC LOCATION AND ACCESS
Materials specified Cover image
Uniform Resource Identifier <a href="9780385742658.jpg">9780385742658.jpg</a>
906 ## - LOCAL DATA ELEMENT F, LDF (RLIN)
a 7
b cbc
c orignew
d 1
e ecip
f 20
g y-gencatlg
942 ## - ADDED ENTRY ELEMENTS (KOHA)
Source of classification or shelving scheme
Koha item type Book
Holdings
Withdrawn status Lost status Source of classification or shelving scheme Damaged status Not for loan Permanent Location Current Location Shelving location Date acquired Total Checkouts Total Renewals Full call number Barcode Date last seen Date last checked out Copy number Price effective from Koha item type
          Central Library (CL) Central Library (CL) Fiction 12/28/2016 3 3 813.6 KAT CL3005 12/02/2025 11/18/2025 1 12/28/2016 Book
© 2023 Central Library, National University of Sciences and Technology. All Rights Reserved.